[Event "Florianopolis op 9th"]
[Site "Florianopolis"]
[Date "2023.01.23"]
[Round "1"]
[White "Portes Junior, Dirceu Atanazio"]
[Black "Kim, Andre"]
[Result "1-0"]
[WhiteElo "1874"]
[BlackElo "1198"]
[PlyCount "43"]
[EventDate "2023.01.23"]
[EventType "swiss"]
[EventRounds "10"]
[EventCountry "BRA"]
[SourceTitle "CBM 212 Extra"]
[Source "ChessBase"]
[SourceDate "2023.03.31"]
[SourceVersion "1"]
[SourceVersionDate "2023.03.31"]
[SourceQuality "1"]

1. e4 e5 2. Nc3 Nc6 3. Bc4 Nf6 4. d3 d6 5. f4 g6 6. Nf3 Bg7 7. 0-0 Bd7 8. fxe5 dxe5 9. Bg5 Qc8 10. Nh4 Be6 11. Bxf6 Bxf6 12. Rxf6 Bxc4 13. dxc4 0-0 14. Rf2 Qe6 15. Nd5 Rad8 16. Qf3 Rc8 17. Qg3 Kh8 18. Raf1 Ne7 19. Rf6 Qd7 20. Rxf7 Rxf7 21. Rxf7 Re8 22. Qxe5+ 1-0

[Event "Florianopolis op 6th"]
[Site "Florianopolis"]
[Date "2020.01.22"]
[Round "4"]
[White "Dias Filho, Pedro Stein"]
[Black "Portes Junior, Dirceu Atanazio"]
[Result "0-1"]
[WhiteElo "1445"]
[BlackElo "1969"]
[PlyCount "77"]
[EventDate "2020.01.20"]
[EventType "swiss"]
[EventRounds "10"]
[EventCountry "BRA"]
[SourceTitle "CBM 194 Extra"]
[Source "ChessBase"]
[SourceDate "2020.03.31"]
[SourceVersion "1"]
[SourceVersionDate "2020.03.31"]
[SourceQuality "1"]

1. e4 c5 2. Nf3 e6 3. d4 cxd4 4. Nxd4 a6 5. Nc3 Qc7 6. g3 b5 7. Bg2 Bb7 8. 0-0 Nf6 9. Bg5 Be7 10. a3 d6 11. Kh1 Nbd7 12. Re1 h6 13. Bxf6 Nxf6 14. Qe2 0-0 15. Rad1 Rac8 16. Rd2 Qa5 17. Nb3 Qb6 18. Nd4 b4 19. axb4 Qxb4 20. Nd1 d5 21. c3 Qb6 22. exd5 Bxd5 23. Bxd5 Nxd5 24. Ne3 Nxe3 25. Qxe3 Bf6 26. Nf3 Qb8 27. Ne5 Rfd8 28. Rxd8+ Rxd8 29. Nc6 Qb7 30. Qe4 Rd6 31. Ne5 Qxe4+ 32. Rxe4 Rd2 33. Ng4 Be7 34. Ra4 Rxb2 35. Rxa6 h5 36. Ne5 Rxf2 37. Ra8+ Kh7 38. h4 Rc2 39. Kg1 0-1

[Event "Florianopolis op 6th"]
[Site "Florianopolis"]
[Date "2020.01.20"]
[Round "1"]
[White "Portes Junior, Dirceu Atanazio"]
[Black "Rodriguez Vila, Andres"]
[Result "0-1"]
[WhiteElo "1969"]
[BlackElo "2469"]
[PlyCount "100"]
[EventDate "2020.01.20"]
[EventType "swiss"]
[EventRounds "10"]
[EventCountry "BRA"]
[SourceTitle "CBM 194 Extra"]
[Source "ChessBase"]
[SourceDate "2020.03.31"]
[SourceVersion "1"]
[SourceVersionDate "2020.03.31"]
[SourceQuality "1"]

1. d4 e6 2. c4 Bb4+ 3. Bd2 Qe7 4. Nf3 Nf6 5. g3 Nc6 6. Bg2 Bxd2+ 7. Qxd2 Ne4 8. Qc2 Qb4+ 9. Nc3 Nxc3 10. Qxc3 Qxc3+ 11. bxc3 d6 12. 0-0 Bd7 13. Rab1 Rb8 14. Nd2 Ke7 15. Rb2 Na5 16. Rfb1 b6 17. e3 c5 18. Bf1 Rbc8 19. d5 Rc7 20. e4 g5 21. Nb3 Nb7 22. f4 Rg8 23. Kh1 gxf4 24. gxf4 e5 25. f5 Rg5 26. Bd3 f6 27. Rg1 Rxg1+ 28. Kxg1 Kf8 29. Rg2 b5 30. a3 a5 31. Rb2 b4 32. cxb4 cxb4 33. axb4 axb4 34. Nc1 Nc5 35. Rxb4 Ra7 36. Bc2 Ke7 37. Rb2 Ra3 38. Nb3 Na4 39. Rb1 Ra2 40. Rc1 Be8 41. Na5 Nc5 42. Nb3 Na4 43. Na5 Nb6 44. Nc6+ Bxc6 45. dxc6 Kd8 46. c5 dxc5 47. Bb3 Ra5 48. Bd5 Kc7 49. Rc3 c4 50. Bxc4 Rc5 0-1

[Event "American Continental 15th"]
[Site "Sao Paulo"]
[Date "2019.07.07"]
[Round "4"]
[White "Cherniack, Alex"]
[Black "Portes Junior, Dirceu Atanazio"]
[Result "1-0"]
[WhiteElo "2231"]
[BlackElo "2019"]
[PlyCount "93"]
[EventDate "2019.07.05"]
[EventType "swiss"]
[EventRounds "11"]
[EventCountry "BRA"]
[SourceTitle "CBM 191 Extra"]
[Source "ChessBase"]
[SourceDate "2019.09.30"]
[SourceVersion "1"]
[SourceVersionDate "2019.09.30"]
[SourceQuality "1"]

1. d4 Nf6 2. c4 e6 3. Nc3 Bb4 4. Qc2 0-0 5. a3 Bxc3+ 6. Qxc3 Ne4 7. Qc2 f5 8. Nh3 c5 9. f3 Nf6 10. dxc5 Na6 11. b4 b6 12. cxb6 axb6 13. Bb2 Bb7 14. e3 Rc8 15. Qb3 Nh5 16. Be2 Qh4+ 17. Nf2 d5 18. Rc1 Qg5 19. 0-0 dxc4 20. Qc3 b5 21. Qe5 Nc7 22. Rfd1 Qf6 23. Rd7 Rf7 24. Rxf7 Kxf7 25. a4 Nd5 26. axb5 Qxe5 27. Bxe5 Nxe3 28. Bd6 Nf6 29. Bc5 Nfd5 30. Nd1 Nxd1 31. Bxd1 c3 32. Kf2 Ra8 33. Bb3 Ra3 34. Bc4 Kf6 35. Bd4+ e5 36. Bxd5 exd4 37. Bxb7 Ra2+ 38. Kg3 Ra3 39. f4 d3 40. Bf3 d2 41. Rc2 Rb3 42. b6 Rxb4 43. Rxc3 Rxb6 44. Rd3 Rb2 45. Be2 g5 46. Bd1 gxf4+ 47. Kxf4 1-0

[Event "American Continental 15th"]
[Site "Sao Paulo"]
[Date "2019.07.07"]
[Round "3"]
[White "Portes Junior, Dirceu Atanazio"]
[Black "Frattini, Beatriz Maria"]
[Result "1-0"]
[WhiteElo "2019"]
[BlackElo "1858"]
[PlyCount "77"]
[EventDate "2019.07.05"]
[EventType "swiss"]
[EventRounds "11"]
[EventCountry "BRA"]
[SourceTitle "CBM 191 Extra"]
[Source "ChessBase"]
[SourceDate "2019.09.30"]
[SourceVersion "1"]
[SourceVersionDate "2019.09.30"]
[SourceQuality "1"]

1. d4 Nf6 2. c4 g6 3. Nc3 d5 4. Bg5 Ne4 5. Bh4 Nxc3 6. bxc3 dxc4 7. e3 b5 8. a4 c6 9. axb5 Be6 10. bxc6 Nxc6 11. Nf3 Bd5 12. Nd2 f6 13. e4 Bf7 14. d5 Ne5 15. Nxc4 Nxc4 16. Bxc4 Bh6 17. Bb5+ Kf8 18. Bc6 Rb8 19. 0-0 Qb6 20. Qa4 Bd2 21. Qxa7 Bxc3 22. Qxb6 Rxb6 23. Ra7 Rb4 24. f3 Bd4+ 25. Bf2 Bxa7 26. Bxa7 Rb2 27. Ra1 Kg7 28. Bc5 e6 29. Ra7 Rc2 30. Ba3 Rb8 31. h3 Kg8 32. Bd6 Rb1+ 33. Kh2 g5 34. dxe6 Bxe6 35. Ra8+ Kg7 36. Bf8+ Kg6 37. Ra7 f5 38. Be8+ Kf6 39. Bg7# 1-0

[Event "American Continental 15th"]
[Site "Sao Paulo"]
[Date "2019.07.05"]
[Round "1"]
[White "Portes Junior, Dirceu Atanazio"]
[Black "Molina, Roberto Junio Brito"]
[Result "1/2-1/2"]
[WhiteElo "2019"]
[BlackElo "2464"]
[PlyCount "286"]
[EventDate "2019.07.05"]
[EventType "swiss"]
[EventRounds "11"]
[EventCountry "BRA"]
[SourceTitle "CBM 191 Extra"]
[Source "ChessBase"]
[SourceDate "2019.09.30"]
[SourceVersion "1"]
[SourceVersionDate "2019.09.30"]
[SourceQuality "1"]

1. d4 Nf6 2. c4 g6 3. Nc3 d5 4. Bg5 Bg7 5. Bxf6 Bxf6 6. cxd5 c6 7. e3 cxd5 8. Bb5+ Kf8 9. Nge2 e6 10. Rc1 b6 11. Nf4 Na6 12. 0-0 Bb7 13. Nd3 Kg7 14. Ne5 Bxe5 15. dxe5 Rc8 16. Qd4 Qe7 17. Ne2 Rc5 18. Bd3 Rhc8 19. Rc3 Rxc3 20. Nxc3 Nb4 21. Rd1 Nc6 22. Qf4 f6 23. exf6+ Qxf6 24. Qxf6+ Kxf6 25. Nb5 Ke7 26. Rc1 a6 27. Nd4 Nb4 28. Rxc8 Bxc8 29. Bb1 e5 30. Nf3 Kf6 31. a3 Nc6 32. Kf1 h6 33. Ke1 g5 34. Kd2 Bg4 35. Ng1 e4 36. Ba2 Ke5 37. f3 exf3 38. Nxf3+ Bxf3 39. gxf3 d4 40. Kd3 dxe3 41. Kxe3 Ne7 42. Bc4 Nf5+ 43. Kf2 a5 44. Ba6 Kf4 45. Bb7 Ne3 46. b4 axb4 47. axb4 Nc2 48. b5 Nd4 49. Bc6 h5 50. Kg2 Ke3 51. Be8 h4 52. Bc6 Kf4 53. Kf2 h3 54. Bd7 Nxf3 55. Bxh3 Nxh2 56. Bg2 g4 57. Bc6 Nf3 58. Kg2 Nd4 59. Kf2 Nf5 60. Kg2 Ne3+ 61. Kf2 g3+ 62. Kg1 Kg4 63. Bd7+ Kh4 64. Be6 Nc2 65. Kg2 Ne1+ 66. Kg1 Nd3 67. Bf5 Nf4 68. Bd7 Kg5 69. Bc6 Kf5 70. Bd7+ Ke5 71. Bc6 Ke6 72. Be8 Kd5 73. Bc6+ Kc5 74. Bd7 Kd4 75. Bc6 Ke3 76. Bd7 Nd3 77. Kg2 Kf4 78. Bc6 Ne1+ 79. Kg1 Kg4 80. Bd7+ Kf3 81. Bc6+ Kf4 82. Bd7 Nf3+ 83. Kg2 Ne5 84. Be8 Nc4 85. Bd7 Ne3+ 86. Kg1 Ke5 87. Bc6 Kd6 88. Be8 Kc5 89. Bd7 Kd6 90. Be8 Ke5 91. Bd7 Kf4 92. Bc6 Nf5 93. Kg2 Nh4+ 94. Kg1 Kg4 95. Bd7+ Kg5 96. Be6 Ng6 97. Bd7 Ne5 98. Be6 Ng6 99. Bd7 Nh4 100. Bc6 Kf4 101. Bd7 Ke4 102. Bc6+ Ke5 103. Bd7 Kd6 104. Be8 Kc5 105. Bd7 Kc4 106. Bc6 Nf5 107. Kg2 Nd4 108. Kxg3 Nxb5 109. Kf2 Kc5 110. Be8 Nc7 111. Bd7 Kd6 112. Bf5 b5 113. Ke3 Kc5 114. Kd2 Kd4 115. Kc2 Nd5 116. Kb3 Kc5 117. Bd7 b4 118. Be6 Nc7 119. Bg8 Nb5 120. Kb2 Nd4 121. Bf7 Nf3 122. Bg8 Nd2 123. Bf7 Kb5 124. Be8+ Ka5 125. Bd7 Nc4+ 126. Kb3 Nd6 127. Be6 Nb7 128. Bf7 Kb5 129. Kb2 Nd6 130. Be6 Kc5 131. Kb3 Ne8 132. Kb2 Nc7 133. Bf7 Kb5 134. Kb3 Ka5 135. Bc4 Na8 136. Bg8 Nb6 137. Bf7 Na4 138. Be8 Nc5+ 139. Kb2 Ne6 140. Kb3 Nd4+ 141. Kb2 Kb6 142. Bf7 Kc5 143. Bg8 b3 1/2-1/2

[Event "Florianopolis op 3rd"]
[Site "Florianopolis"]
[Date "2017.01.21"]
[Round "3"]
[White "Portes Junior, Dirceu Atanazio"]
[Black "Lopes, Bianca Barros Pan"]
[Result "1-0"]
[WhiteElo "2124"]
[BlackElo "1574"]
[PlyCount "49"]
[EventDate "2017.01.20"]
[EventType "swiss"]
[EventRounds "10"]
[EventCountry "BRA"]
[SourceTitle "CBM 176 Extra"]
[Source "ChessBase"]
[SourceDate "2017.03.02"]
[SourceVersion "1"]
[SourceVersionDate "2017.03.02"]
[SourceQuality "1"]

1. d4 d5 2. Nf3 Nf6 3. c4 e6 4. g3 c6 5. Bg2 Be7 6. 0-0 0-0 7. Qc2 Nbd7 8. Nbd2 dxc4 9. Nxc4 Nd5 10. e4 Nb4 11. Qe2 c5 12. Rd1 b5 13. Nce5 c4 14. a3 Na6 15. Nc6 Qe8 16. Nxe7+ Qxe7 17. e5 Bb7 18. Bg5 Qe8 19. Nd2 Bxg2 20. Kxg2 h6 21. Be3 Nc7 22. Qg4 Kh8 23. Ne4 a6 24. Qh4 Nd5 25. Bxh6 1-0

[Event "Rio de Janeiro Salamon Memorial"]
[Site "Rio de Janeiro"]
[Date "2016.06.25"]
[Round "4"]
[White "Khaje Hesamedini, Ali"]
[Black "Portes Junior, Dirceu Atanazio"]
[Result "1-0"]
[WhiteElo "2233"]
[BlackElo "2120"]
[PlyCount "71"]
[EventDate "2016.06.24"]
[EventType "swiss"]
[EventRounds "6"]
[EventCountry "BRA"]
[SourceTitle "CBM 173 Extra"]
[Source "ChessBase"]
[SourceDate "2016.08.29"]
[SourceVersion "1"]
[SourceVersionDate "2016.08.29"]
[SourceQuality "1"]

1. d4 Nf6 2. c4 e6 3. g3 c5 4. d5 exd5 5. cxd5 d6 6. Nc3 g6 7. Bg2 Bg7 8. Nf3 0-0 9. 0-0 a6 10. a4 Re8 11. Bf4 Nh5 12. Bg5 f6 13. Bd2 f5 14. Re1 Nd7 15. Qc1 Ne5 16. Nxe5 Bxe5 17. e4 Bd4 18. exf5 Bxf5 19. Be3 Qf6 20. Qd2 Bxe3 21. Rxe3 Qf7 22. Rae1 Ng7 23. h3 Rxe3 24. Rxe3 Re8 25. g4 Bd7 26. Ne4 Qf4 27. Nxc5 Rxe3 28. fxe3 Qf7 29. Ne4 Qe7 30. Qb4 b5 31. axb5 axb5 32. Qxd6 Qxd6 33. Nxd6 Kf8 34. e4 Ke7 35. e5 h5 36. Bf3 1-0

[Event "Rio de Janeiro Salamon Memorial"]
[Site "Rio de Janeiro"]
[Date "2016.06.24"]
[Round "1"]
[White "Flach, Kauan Andrei"]
[Black "Portes Junior, Dirceu Atanazio"]
[Result "0-1"]
[WhiteElo "1778"]
[BlackElo "2120"]
[PlyCount "108"]
[EventDate "2016.06.24"]
[EventType "swiss"]
[EventRounds "6"]
[EventCountry "BRA"]
[SourceTitle "CBM 173 Extra"]
[Source "ChessBase"]
[SourceDate "2016.08.29"]
[SourceVersion "1"]
[SourceVersionDate "2016.08.29"]
[SourceQuality "1"]

1. e4 c5 2. Nf3 d6 3. d4 cxd4 4. Qxd4 a6 5. c4 Nc6 6. Qd1 Nf6 7. Nc3 g6 8. Be3 Bg7 9. Qb3 Qa5 10. Bd3 Nb4 11. Bb1 Ng4 12. Bd2 Qc5 13. 0-0 Nc6 14. Na4 Qh5 15. h3 Nge5 16. Nxe5 Nxe5 17. Nb6 Rb8 18. Nxc8 Rxc8 19. Bc3 0-0 20. Qxb7 Nxc4 21. Bxg7 Kxg7 22. Bd3 Rb8 23. Qxe7 Rfe8 24. Qa7 Nd2 25. Rfc1 Rxb2 26. Rc7 Rf8 27. Re7 Qc5 28. Qxc5 dxc5 29. Bxa6 Ra8 30. Bb7 Raxa2 31. Rxa2 Rxa2 32. Bd5 Ra1+ 33. Kh2 Nf1+ 34. Kg1 Ne3+ 35. Kh2 Nxd5 36. exd5 Rd1 37. Re5 Kf6 38. f4 Rd4 39. d6 c4 40. Rc5 Ke6 41. d7 Kxd7 42. Kg3 Kd6 43. Rc8 Kd5 44. Kf3 Rd3+ 45. Ke2 Kd4 46. h4 Kc3 47. g4 Rd7 48. h5 gxh5 49. gxh5 Kb3 50. h6 c3 51. Rb8+ Kc2 52. f5 Rd6 53. Rb7 Rf6 54. Rc7 Rxf5 0-1